Liability insurance for damages caused by abrupt and contingent pollution of environment

Salvato in:
Dettagli Bibliografici
Autore principale: Drugdová, Barbora
Altri autori: Surový, Vladimír
Natura: Capitolo di libro
Lingua:inglese
Soggetti:
Tags: Aggiungi Tag
Nessun Tag, puoi essere il primo ad aggiungerne!!

MARC

LEADER 00000naa a2200000 4500
001 0181688
005 20240502073121.1
041 0 |a eng 
044 |a SK 
245 1 0 |a Liability insurance for damages caused by abrupt and contingent pollution of environment  |c Barbora Drugdová, Vladimír Surový 
610 2 0 |a prostredie životné 
610 2 0 |a škody 
610 2 0 |a poistenie 
610 2 0 |a poistenie zodpovednostné 
100 1 |a Drugdová, Barbora 
700 1 |a Surový, Vladimír